000 00518nam a2200205Ia 4500
003 OSt
005 20230325105407.0
008 210423s2008 xx 000 0 und d
020 _a97883046201
040 _cAL
041 _aeng
082 _a658.4034
_223
_bNATA
100 _aNATARAJAN (A M);others.
_977872
245 _aOperations research.
260 _aNew Delhi
_bPearson Education Pvt Ltd
_c2008
300 _avii,738
_bPB
365 _b350
_cINR
906 _aOperations ; research.
942 _2ddc
_cBK
999 _c155976
_d155976